Najpopularniejsze imiona męskie w Polsce - Statystyki

Ogólne statystyki
  • Ten quiz został rozwiązany 190 razy
  • Średni wynik to 12 z 20
Statystyki odpowiedzi
Miejsce Imię Liczba osób % Poprawnych
1 Piotr 689 313
82%
7 Jan 477 845
81%
5 Paweł 506 006
78%
6 Michał 492 093
73%
9 Jakub 426 709
72%
13 Mateusz 377 011
66%
4 Andrzej 533 141
63%
2 Krzysztof 641 406
63%
10 Adam 401 674
59%
3 Tomasz 536 774
59%
8 Marcin 449 607
58%
12 Marek 378 001
55%
11 Łukasz 383 582
54%
16 Wojciech 335 311
54%
19 Maciej 267 723
49%
15 Stanisław 366 180
49%
14 Grzegorz 374 820
47%
17 Mariusz 286 869
41%
18 Dariusz 283 981
37%
20 Rafał 261 766
36%
Nie znaleziono quizów pasujących do podanych kryteriów
Rozkład punktacji
Procent ludzi z każdym wynikiem
Percentyl według liczby udzielonych odpowiedzi
Twoja historia wyników
Nie rozwiązałeś tego quizu